I.C.S.E PHYSICS/ (Record no. 206254)

MARC details
000 -LEADER
fixed length control field 00550nam a22001817a 4500
005 - DATE AND TIME OF LATEST TRANSACTION
control field 20241010143700.0
010 ## - LCCN (DPL NO)
LC control number ENG-142044
020 ## - INTERNATIONAL STANDARD BOOK NUMBER
International Standard Book Number 9788196850586
Terms of availability 450.00
035 ## - SYSTEM CONTROL NUMBER
System control number EN-125576
037 ## - SOURCE OF ACQUISITION
Source of stock number/acquisition DBAD
082 04 - DEWEY DECIMAL CLASSIFICATION NUMBER
Classification number 530
100 ## - MAIN ENTRY--PERSONAL NAME
Personal name AGRAWAL R.M
245 10 - TITLE STATEMENT
Title I.C.S.E PHYSICS/
Statement of responsibility, etc R.M. AGRAWAL
260 ## - PUBLICATION, DISTRIBUTION, ETC. (IMPRINT)
Place of publication, distribution, etc AGRA
Name of publisher, distributor, etc KRISTON PUBLICATION PVt.ltd.
Date of publication, distribution, etc 2005
270 ## - ADDRESS
Address 51, Ram Mohan VIhar, Dayal Bagh
City AGRA
Postal code 282005
Telephone number 7456999839
Electronic mail address info@kristonpublication.com
300 ## - PHYSICAL DESCRIPTION
Extent 392p. :
Other physical details 28c.m(pb)
942 ## - ADDED ENTRY ELEMENTS (KOHA)
Source of classification or shelving scheme Dewey Decimal Classification
Item type English Books
Classification part 530
Call number suffix phy
Holdings
Withdrawn status Lost status Not for loan Collection code Home library Current library Date acquired Source of acquisition Cost, normal purchase price Full call number Barcode Copy number Cost, replacement price Koha item type
      Non-fiction Kadipur Kadipur 10/10/2024 DABD 450.00 530 phy EN-125576 1 450.00 English Books

© Delhi Public Library
Hit Counter
free hit counter